Statistics for Countries with North Korean workers

Click here to take the quiz!

General Stats

  • This quiz has been taken 47 times
  • The average score is 16 of 23

Answer Stats

Continent Country % Correct
AsiaChina
100%
Asia/ EuropeRussia
98%
AsiaVietnam
88%
AsiaLaos
88%
AsiaCambodia
84%
AsiaThailand
79%
AsiaMongolia
77%
AsiaSaudi Arabia
77%
AsiaMalaysia
77%
AsiaUnited Arab Emirates
74%
AsiaQatar
70%
AfricaAngola
70%
AsiaIndonesia
70%
AfricaD. R. Congo
67%
AsiaOman
65%
AsiaSingapore
65%
AsiaKuwait
63%
AfricaMozambique
58%
AfricaTanzania
56%
AfricaZimbabwe
56%
AfricaLibya
53%
AfricaChad
53%
AsiaBangladesh
49%

Score Distribution

Percentile by Number Answered

Percent of People with Each Score

Your Score History

You have not taken this quiz